Sequence in Layered Rocks : A Story of Features and Structures Useful for Determining Top and Bottom or Order of Succesion in Bedded and Tabular Rock /
Gorde:
| Egile nagusia: | |
|---|---|
| Formatua: | Sách giấy |
| Hizkuntza: | English |
| Argitaratua: |
New York :
McGraw-Hill,
1948.
|
| Etiketak: |
Etiketa erantsi
Etiketarik gabe, Izan zaitez lehena erregistro honi etiketa jartzen!
|
| Thư viện lưu trữ: | Thư viện Trường Đại học Đà Lạt |
|---|
| LEADER | 00695nam a2200253 4500 | ||
|---|---|---|---|
| 001 | DLU020004667 | ||
| 005 | ##19990618 | ||
| 040 | # | # | |a DLU |b vie |
| 041 | # | # | |a eng |
| 044 | # | # | |a us |
| 082 | # | # | |a 552 |b SH-R |
| 100 | # | # | |a Shrock, Robert R. |
| 245 | # | # | |a Sequence in Layered Rocks : |b A Story of Features and Structures Useful for Determining Top and Bottom or Order of Succesion in Bedded and Tabular Rock / |c Shrock Robert R. |
| 260 | # | # | |a New York : |b McGraw-Hill, |c 1948. |
| 300 | # | # | |a x, 507 tr. ; |c 24 cm. |
| 992 | # | # | |a 3213 |
| 994 | # | # | |a DLU |
| 900 | # | # | |a False |
| 911 | # | # | |a Administrator |
| 925 | # | # | |a G |
| 926 | # | # | |a A |
| 927 | # | # | |a SH |
| 980 | # | # | |a Thư viện Trường Đại học Đà Lạt |